[Event "Asian Continental-ch Open 2019"]
[Site "XingTai"]
[Date "2019.06.08"]
[Round "2.15"]
[White "Lu, Shanglei"]
[Black "Garcia, Jan Emmanuel"]
[Result "1-0"]
[WhiteElo "2624"]
[BlackElo "2413"]
[Annotator "TA"]
[PlyCount "73"]
[EventDate "2019.06.06"]
[EventType "swiss"]
[EventCountry "CHN"]
[SourceTitle "playchess.com"]
[Source "ChessBase"]
[SourceQuality "1"]

{[%evp 17,73,12,18,12,23,22,12,16,16,12,12,12,4,0,0,0,7,-8,8,10,20,9,24,16,51,31,34,35,37,35,45,33,33,27,43,19,13,3,170,162,127,166,146,144,167,125,987,209,5414,554,4714,4714,1829,1768,4831,4814,4806,4802]} 1. e4 e5 2. Nf3 Nc6 3. Bc4 Bc5 4. c3 Nf6 5. d3 a6 6. O-O d6 7. Nbd2 O-O 8. h3 Ba7 9. Bb3 Be6 10. Re1 {C54: Giuoco Piano: 4 c3 Nf6, main lines with 5 d4 and 5 d3} Bxb3 11. Qxb3 Qd7 12. Nf1 {The position is equal.} h6 13. Be3 Bxe3 14. Nxe3 Rfe8 15. a4 b6 16. Rad1 {[#]} a5 $146 ({Predecessor:} 16... Rab8 17. Nh4 b5 18. axb5 Rxb5 19. Qa2 Reb8 {½-½ (59) Buecker,J (2578)-Almiron,L (2593) ICCF email 2010}) 17. Nh2 Rad8 18. Nhg4 {With the idea Nxf6+.} Nxg4 19. hxg4 Ne7 20. d4 Qc6 21. f3 d5 22. dxe5 {[%cal Re4d5]} dxe4 23. f4 $1 Rd3 24. Rxd3 (24. Kf2 {feels hotter.} g5 25. f5 Red8 26. Qb5 Qa8 27. Qc4) 24... exd3 25. Qb5 f6 26. Qxd3 (26. e6 $5) 26... fxe5 $1 27. fxe5 Qxa4 $2 (27... Ng6 $11) 28. e6 $1 $18 Qf4 {[#]} 29. Nf5 $1 Nxf5 30. gxf5 {[%mdl 4096] Endgame Qd7 is the strong threat. KQR-KQR} Qh4 31. Rd1 {aiming for Qd7!} Re7 $2 {[%mdl 8192]} (31... Qe7 $16) 32. Qe3 $2 (32. Qd8+ Kh7 33. Qf8) 32... Qg4 $2 (32... Re8 33. Rd7 c6) 33. Qf3 (33. Rd8+ $142 Kh7 34. Qd3) 33... Qxf3 {[#]} 34. Rd8+ $1 ({Inferior is} 34. gxf3 g6 $11) 34... Kh7 35. gxf3 a4 36. Kf2 b5 {[#]} 37. f6 $1 {[%mdl 512] Accuracy: White = 68%, Black = 35%.} 1-0

[Event "Asian Continental-ch Open 2019"]
[Site "XingTai"]
[Date "2019.06.08"]
[Round "2.16"]
[White "Aravindh, Chithambaram VR."]
[Black "Zhao, Yuanhe"]
[Result "1-0"]
[WhiteElo "2598"]
[BlackElo "2444"]
[Annotator "TA"]
[PlyCount "73"]
[EventDate "2019.06.06"]
[EventType "swiss"]
[EventCountry "CHN"]
[SourceTitle "playchess.com"]
[Source "ChessBase"]
[SourceQuality "1"]

{[%evp 18,73,24,31,30,34,37,45,60,47,42,41,55,43,65,59,82,66,57,63,51,82,69,47,86,41,125,126,220,220,220,214,215,208,208,208,208,208,208,202,282,275,253,250,292,304,325,297,288,315,434,436,531,502,29984,29983,6515,5513]} 1. d4 d5 2. c4 c6 3. Nf3 Nf6 4. Qb3 dxc4 5. Qxc4 g6 6. g3 Bg7 7. Bg2 O-O 8. O-O Be6 9. Qa4 Na6 10. Nc3 Nd5 {D78: Fianchetto Grünfeld: 6 0-0 c6} (10... Qb6 11. Rd1 Rfd8 12. Ng5 Bd7 13. Qc4 Be8 14. a3 e6 15. b4 Nd5 16. Nce4 e5 17. dxe5 Bxe5 18. Rb1 Qc7 {½-½ (44) Ivanisevic,I (2662)-Svane,R (2531) Biel 2015}) 11. Rd1 Rc8 12. e4 $146 ({Predecessor:} 12. Bg5 h6 13. Bd2 Nb6 14. Qc2 Nc4 15. Be1 Qd7 16. Na4 Qc7 17. Rac1 Rfd8 18. b3 {1-0 (62) Loginov,V (2505)-Kuporosov,V (2445) Budapest 1990}) 12... Nxc3 {White is slightly better.} 13. bxc3 c5 14. Rb1 cxd4 15. cxd4 {[%cal Bc3d4,Bd4d5][%mdl 32]} Rc4 16. Qb5 Rc2 17. d5 {Hoping for Qa4.} ({Much weaker is} 17. Qxb7 Nc5 $11) 17... Nc5 18. Nd4 Bd7 19. Qb4 a5 20. Qa3 Rc4 21. Bb2 b6 {[#]} ({Black should try} 21... Qb6 $14 22. Nf5 Bxb2 23. Qxb2 (23. Nxe7+ Kg7 $16) 23... Qxb2 24. Nxe7+ Kg7 25. Rxb2 Re8) 22. Qe3 $1 $36 {[%mdl 2048] White has strong initiative.} Na4 {[#]} (22... h5 $16 {might work better.}) 23. Nc6 $1 $18 {[%mdl 512]} Bxc6 24. Bxg7 Kxg7 25. dxc6 Qc7 26. Bf1 Rb4 27. Rxb4 axb4 28. Qd4+ e5 29. Qxb4 Nc5 30. Bb5 Rd8 31. Rd5 Ne6 32. Qc3 f6 33. a4 h5 34. h4 Kh7 35. Qc4 Rd6 (35... Kg7 $18 36. Rxd8 Nxd8) 36. Rxd6 Qxd6 37. Qd5 {Accuracy: White = 92%, Black = 38%.} 1-0

[Event "Asian Continental-ch Open 2019"]
[Site "XingTai"]
[Date "2019.06.08"]
[Round "2.17"]
[White "Akash G"]
[Black "Idani, Pouya"]
[Result "1-0"]
[WhiteElo "2404"]
[BlackElo "2597"]
[Annotator "TA"]
[PlyCount "81"]
[EventDate "2019.06.06"]
[EventType "swiss"]
[EventCountry "CHN"]
[SourceTitle "playchess.com"]
[Source "ChessBase"]
[SourceQuality "1"]

{[%evp 15,81,35,35,30,26,22,23,14,23,27,11,22,33,14,27,11,47,44,43,52,64,58,72,79,68,73,72,71,79,0,18,-28,-25,-85,-89,-92,-105,-99,-68,-97,-78,-41,0,0,0,0,47,47,25,13,13,0,0,10,29982,29984,29983,29985,29985,29986,29988,29989,29989,29988,29987,0,29989,29987]} 1. e4 c5 2. Nf3 d6 3. d4 cxd4 4. Nxd4 Nf6 5. Nc3 a6 6. Be3 e5 7. Nb3 Be6 8. f3 h5 9. Nd5 {B90: Sicilian Najdorf: Unusual White 6th moves, 6 Be3 Ng4 and 6 Be3 e5} Bxd5 10. exd5 Nbd7 11. Qd2 {White has an edge.} g6 12. Be2 Bg7 13. O-O b6 14. c4 O-O 15. Rac1 {[#]} Rb8 $146 ({Predecessor:} 15... Re8 16. h3 a5 {0-1 (41) Bocharov,I (2568)-Sjugirov,S (2661) Sochi 2019}) 16. Na1 a5 17. Nc2 Nc5 18. Na3 Qd7 19. Nb5 Rfe8 20. Rb1 h4 21. Bd1 Rbc8 22. a3 (22. Nc3 $16) 22... e4 $11 23. Nc3 exf3 24. Bxc5 (24. gxf3 $11 {keeps the balance.} Nh5 25. Bc2) 24... bxc5 $17 (24... Rxc5 $6 25. Ba4 $14) 25. Ba4 {[#]} Ne4 $1 26. Nxe4 (26. Bxd7 $2 {perishes.} Nxd2 27. gxf3 Bxc3 $19) 26... Qxa4 27. gxf3 ({Don't go for} 27. Nxd6 $2 Re2 $19) 27... Be5 28. b3 Qxa3 {Strongly threatening ...Rb8.} 29. Kh1 $1 Rcd8 30. Qh6 {Black must now prevent Ng5.} Rb8 31. Ng5 {Intending Qh7+ and mate.} ({Much weaker is} 31. Qxh4 Rxb3 32. Ng5 Bg7 $15) 31... Bg7 32. Qh7+ $1 Kf8 {[#]} 33. Nxf7 $1 {[%mdl 512]} Kxf7 {[#]} 34. Rg1 $1 $40 {[%mdl 640] White attacks.} Rb7 $2 {[%mdl 8192]} (34... Re7 $11) 35. Qxg6+ Kf8 36. Qxd6+ Kg8 {[#]} 37. Qc6 $1 {[%csl LRb7,LRe8][%mdl 512]} Reb8 38. Qe6+ Kf8 39. Qd6+ Kg8 40. Qe6+ Kf8 $1 41. Rg5 {Accuracy: White = 72%, Black = 69%.} 1-0

[Event "Asian Continental-ch Open 2019"]
[Site "XingTai"]
[Date "2019.06.09"]
[Round "3.1"]
[White "Sethuraman, S.P."]
[Black "Tran, Tuan Minh"]
[Result "1-0"]
[WhiteElo "2613"]
[BlackElo "2526"]
[Annotator "TA"]
[PlyCount "55"]
[EventDate "2019.06.06"]
[EventType "swiss"]
[EventCountry "CHN"]
[SourceTitle "playchess.com"]
[Source "ChessBase"]
[SourceQuality "1"]

{[%evp 12,55,10,1,9,8,17,-13,34,0,28,25,56,48,41,43,62,50,54,68,64,26,92,83,95,70,91,92,92,92,97,94,89,79,110,125,196,204,200,192,371,360,406,385,395,394]} 1. e4 c5 2. Nf3 d6 3. d4 cxd4 4. Nxd4 Nf6 5. Nc3 a6 6. h3 e5 7. Nb3 Be7 {B90: Sicilian Najdorf: Unusual White 6th moves, 6 Be3 Ng4 and 6 Be3 e5} (7... Be6 8. f4 g6 9. Be2 Nbd7 10. O-O Rc8 11. Be3 Be7 12. a4 exf4 13. Rxf4 Ne5 14. Nd4 O-O 15. Nxe6 fxe6 {1-0 (40) Sevian,S (2666)-Adhiban,B (2701) Havana 2019}) 8. Be3 Be6 9. Qf3 Nbd7 {[%cal Bb8d7,Bd7b6,Bb6c4][%mdl 32] The position is equal.} 10. O-O-O b5 11. Nd5 Bxd5 12. exd5 Nb6 $146 ({Predecessor:} 12... O-O 13. g4 Rb8 14. g5 Ne8 15. Rg1 a5 {1-0 (39) Klein,D (2359)-Bekker,S (2162) Utrecht 2011}) 13. Kb1 O-O 14. g4 $1 Nc4 15. Bc1 a5 16. Bd3 Qc7 (16... Nb6 $11 {keeps the balance.}) 17. g5 $16 Nd7 18. Rhe1 Ndb6 19. Nd4 exd4 {[#]} 20. Qe4 $1 {[%csl Gd3,LRd4,LRe7,LRh7][%cal Re4h7][%mdl 576] Double Attack} g6 {Threatens to win with ...Rfe8.} 21. Qxe7 $40 {[%mdl 128] White is out for blood.} Qc5 22. Qe4 Ne5 23. Bf1 Rfe8 (23... Rac8 $16) 24. Qxd4 $18 Qxd4 25. Rxd4 Nbc4 $2 (25... b4 {keeps fighting.} 26. Re3 Ned7) 26. Rdd1 {White is winning.} Nf3 27. Rxe8+ Rxe8 {[#]} 28. a4 $1 {[%mdl 512] Accuracy: White = 81%, Black = 36%.} 1-0

[Event "Asian Continental-ch Open 2019"]
[Site "XingTai"]
[Date "2019.06.09"]
[Round "3.2"]
[White "Vishnu Prasanna. V"]
[Black "Karthikeyan, Murali"]
[Result "0-1"]
[WhiteElo "2511"]
[BlackElo "2593"]
[Annotator "TA"]
[PlyCount "70"]
[EventDate "2019.06.06"]
[EventType "swiss"]
[EventCountry "CHN"]
[SourceTitle "playchess.com"]
[Source "ChessBase"]
[SourceQuality "1"]

{[%evp 21,70,0,20,-4,-11,-11,-3,-10,-8,-7,-2,-21,-22,-19,-17,-24,-18,-18,-14,-20,-14,-25,-4,-20,-23,-22,0,-62,-27,-20,-25,-87,-94,-89,-83,-91,-45,-200,-191,-402,-397,-511,-505,-497,-466,-500,-499,-468,-475,-529,-478]} 1. d4 d5 2. c4 e6 3. Nf3 Nf6 4. Nc3 Be7 5. e3 O-O 6. Bd3 Nbd7 7. O-O dxc4 8. Bxc4 a6 9. a4 c5 10. Qe2 b6 11. Rd1 Bb7 12. d5 {D37: Queen's Gambit Declined: 5 Bf4} (12. e4 cxd4 13. Nxd4 Qc7 14. Bg5 Ne5 15. Bxe6 fxe6 16. Nxe6 Qc4 17. Qxc4 Nxc4 18. Nxf8 Rxf8 19. b3 Ne5 {½-½ (60) Khismatullin,D (2617)-Bocharov,D (2611) Sochi 2016}) 12... exd5 13. Nxd5 Nxd5 14. Bxd5 {The position is equal.} Bxd5 15. Rxd5 Qc7 16. e4 Rfe8 $146 ({Predecessor:} 16... Qc6 17. Bf4 Nf6 18. Ne5 Qe6 19. Rdd1 Rfe8 {0-1 (43) Shishkov,V (2077)-Schilling,H (2104) ICCF email 2015}) 17. Bf4 Qb7 18. Rd2 b5 19. axb5 axb5 20. Rad1 Nf8 21. Rd5 Ne6 22. Be3 Bf6 23. b3 Rad8 24. Qd3 ({White should try} 24. Rxd8 $11 Bxd8 25. g3) 24... h6 25. h3 Nc7 $36 {[%mdl 2048] Black has good play.} 26. Bxc5 (26. Rxd8 $11 {keeps the balance.} Rxd8 27. Qc2) 26... Nxd5 $17 27. exd5 b4 28. d6 Rd7 29. Nd2 $2 {[#]} (29. Qf5 $15) 29... Re5 $1 $19 {[%cal Re5c5]} 30. Qc4 $2 (30. Qc2) 30... Rd5 31. Qc2 Bc3 {Black is clearly winning.} 32. Re1 {[%cal Re1e8]} Qb8 33. Be3 R7xd6 {[%cal Rc3d2]} 34. Re2 Rd8 35. g3 Qc8 {Accuracy: White = 35%, Black = 96%.} 0-1

[Event "Asian Continental-ch Open 2019"]
[Site "XingTai"]
[Date "2019.06.09"]
[Round "3.3"]
[White "Vidit, Santosh Gujrathi"]
[Black "Liu, Yan"]
[Result "1/2-1/2"]
[WhiteElo "2707"]
[BlackElo "2504"]
[Annotator "TA"]
[PlyCount "100"]
[EventDate "2019.06.06"]
[EventType "swiss"]
[EventCountry "CHN"]
[SourceTitle "playchess.com"]
[Source "ChessBase"]
[SourceQuality "1"]

{[%evp 15,100,35,30,23,37,35,37,27,37,24,27,31,36,31,34,36,56,60,57,16,11,18,14,15,13,0,0,0,0,0,11,11,11,11,10,9,32,0,23,23,13,20,12,0,0,0,24,3,3,3,3,3,3,3,3,3,16,10,59,0,0,0,0,0,0,0,0,0,0,0,0,0,0,0,0,0,0,0,0,0,0,0,0,0,0,0,0]} 1. d4 Nf6 2. c4 e6 3. g3 Bb4+ 4. Bd2 a5 5. Bg2 O-O 6. Nf3 b6 7. O-O Bb7 8. Bf4 Be7 9. Qc2 {E16: Queen's Indian: 4 g3 Bb7 5 Bg2 Bb4+} Be4 10. Qc1 Bb7 11. Nc3 {White is slightly better.} Ne4 12. Nb5 c6 $146 ({Predecessor:} 12... Na6 13. Ng5 d5 14. Nxe4 dxe4 15. Rd1 f5 16. d5 exd5 17. cxd5 {1-0 (43) Vitiugov,N (2720)-Fawzy,A (2418) Khanty-Mansiysk 2017}) 13. Nc3 Nxc3 14. Qxc3 d5 15. cxd5 cxd5 16. Bc7 Qd7 {[#] ...Rc8 is the strong threat.} 17. Rfc1 (17. Ne5 $5 {[%cal Re5d7]} Qb5 18. Rfc1 $14) 17... Rc8 18. Ne5 Qe8 {And now ...Bd8 would win.} 19. Qe3 b5 20. Bh3 Bf6 21. f4 Nc6 22. Bd6 Nxe5 23. fxe5 Be7 24. Rxc8 Rxc8 25. Rc1 Bd8 (25... b4 {with more complications.} 26. Rxc8 Bxc8 27. Qc1 Ba6 28. Qc7 Bd8) 26. Bc5 Be7 27. Bxe7 Rxc1+ 28. Qxc1 Qxe7 29. e3 Qd7 30. a3 Qc6 31. Qd2 b4 32. axb4 axb4 33. Qxb4 Qc1+ 34. Bf1 {Black must now prevent Kf2.} Qxe3+ 35. Kg2 Qe4+ 36. Kf2 Bc8 37. Qc5 (37. Qc3 $1 $14 Bb7 38. Qd3) 37... Bd7 $11 {The position is equal.} 38. b4 Qf5+ 39. Kg1 {[#] Hoping for Qe7.} Qf3 40. Qc1 h5 41. Qd2 Qb3 42. Bd3 g6 43. Kg2 Kg7 44. Kh3 Qa4 45. Kh4 Bb5 46. Bxb5 Qxb5 47. Kg5 Qc4 48. g4 hxg4 49. Kxg4 Qb3 50. h4 Kg8 {Accuracy: White = 74%, Black = 76%.} 1/2-1/2

[Event "Asian Continental-ch Open 2019"]
[Site "XingTai"]
[Date "2019.06.09"]
[Round "3.4"]
[White "Praggnanandhaa R"]
[Black "Le, Quang Liem"]
[Result "1/2-1/2"]
[WhiteElo "2537"]
[BlackElo "2694"]
[Annotator "TA"]
[PlyCount "126"]
[EventDate "2019.06.06"]
[EventType "swiss"]
[EventCountry "CHN"]
[SourceTitle "playchess.com"]
[Source "ChessBase"]
[SourceQuality "1"]

{[%evp 11,126,23,31,2,3,0,22,0,33,0,16,0,2,-13,0,-24,-24,-24,-19,-28,-28,-22,-26,-27,-23,-31,-14,-25,-11,-19,0,-6,0,-3,0,0,0,0,0,0,0,-6,-6,-6,-4,-6,0,0,0,0,0,0,0,0,0,0,0,0,0,0,0,0,-1,-12,0,0,0,0,0,-9,-8,-8,-8,-10,0,-8,0,0,0,0,0,0,0,0,0,0,0,0,0,-8,0,0,0,0,8,8,8,8,8,0,0,0,0,0,0,0,0,0,0,0,0,0,0,0,0,-8,0]} 1. e4 c6 2. d4 d5 3. exd5 cxd5 4. Bd3 Nf6 5. c3 Bg4 6. Qb3 Qc7 7. Bg5 {B13: Caro-Kann: Exchange Variation and Panov-Botvinnik Attack} (7. h3 {feels hotter.} Bd7 8. Nf3 e6 9. O-O Bc6 10. Qc2) (7. h3 Bh5 8. g4 Bg6 9. Bxg6 hxg6 10. g5 Nfd7 11. Qxd5 e5 12. Ne2 Nc6 13. Be3 Nb6 14. Qe4 O-O-O {0-1 (44) Tukhaev,A (2542)-Mchedlishvili,M (2608) Ankara 2018}) 7... e6 8. Nd2 Nc6 9. Ngf3 Bh5 10. Bh4 $146 ({Predecessor:} 10. O-O Bg6 11. Qc2 Bd6 12. Rfe1 a6 13. Rac1 Nd7 14. Nf1 Bxd3 15. Qxd3 {0-1 (63) Lopez de Turiso,J (2123)-Almagro Llamas,P (2467) San Sebastian 2013}) 10... Bg6 11. Bg3 Bd6 12. Qc2 Rc8 13. O-O Bxg3 14. hxg3 Kf8 15. a3 Bxd3 16. Qxd3 g6 17. Qe3 Kg7 18. a4 Nd7 19. Rfe1 h6 20. Nb3 {The position is equal.} Ne7 21. a5 Nf5 22. Qf4 Qxf4 23. gxf4 Rc7 24. Nc1 Nf6 25. Nd2 g5 26. fxg5 hxg5 27. Nd3 Rcc8 28. g3 Ng4 29. Nf3 Rh5 30. Kg2 Rch8 31. Rh1 Rxh1 32. Rxh1 Rxh1 33. Kxh1 $11 {[%mdl 4096] Endgame KNN-KNN} f6 34. Kg2 Nd6 35. Nd2 Kf7 36. Nc5 Nh6 37. Kf3 Ke7 38. Ke2 Nhf7 39. Kd3 Nd8 40. c4 Nc6 41. cxd5 Nb4+ 42. Ke2 Nxd5 43. Nde4 b6 44. axb6 axb6 45. Nxd6 Kxd6 {KN-KN} 46. Ne4+ Kc6 47. Kd3 Kb5 48. b3 Kb4 49. Kc2 g4 50. Nd6 Ne7 51. Ne8 Nc6 {[#]} 52. d5 $1 {[%mdl 512]} Nd4+ (52... exd5 53. Nxf6) 53. Kd3 Nxb3 54. dxe6 {And now e7 would win.} Nc5+ 55. Kc2 (55. Kd2 {with more complications.} Nxe6 56. Nxf6 Kc4 57. Nxg4 Kd4 58. Ne3) 55... Nxe6 {next ...f5 is good for Black.} 56. Nxf6 Kc4 57. Nxg4 Kd4 58. Kb3 Ke4 59. Nh2 Kd3 60. Kb4 Ke2 61. f4 Kf2 62. Kb5 Kxg3 63. Kxb6 Nxf4 {Accuracy: White = 68%, Black = 61%.} 1/2-1/2

[Event "Asian Continental-ch Open 2019"]
[Site "XingTai"]
[Date "2019.06.09"]
[Round "3.5"]
[White "Firouzja, Alireza"]
[Black "Wan, Yunguo"]
[Result "1-0"]
[WhiteElo "2682"]
[BlackElo "2531"]
[Annotator "TA"]
[PlyCount "133"]
[EventDate "2019.06.06"]
[EventType "swiss"]
[EventCountry "CHN"]
[SourceTitle "playchess.com"]
[Source "ChessBase"]
[SourceQuality "1"]

{[%evp 18,133,10,10,35,37,57,47,88,54,48,58,46,41,82,85,88,68,76,62,58,39,159,158,170,144,158,143,166,174,216,207,209,214,205,189,269,258,252,266,260,255,479,335,349,346,322,127,132,51,50,49,69,77,75,66,80,23,23,23,17,13,15,0,18,10,14,8,23,14,14,15,17,12,18,18,29,14,14,14,13,13,183,189,163,125,192,192,192,25,29,0,28,0,0,0,0,0,0,0,72,79,178,178,510,510,505,502,496,391,641,581,1382,1285,2036,1970,1504,1477]} 1. d4 Nf6 2. c4 g6 3. Nc3 d5 4. cxd5 Nxd5 5. e4 Nxc3 6. bxc3 Bg7 7. Bb5+ c6 8. Ba4 O-O 9. Ne2 c5 10. O-O Nd7 {D85: Exchange Grünfeld: Unusual White 7th moves and lines with 7 Nf3} (10... b6 11. Be3 Bb7 12. f3 Qc7 13. Rc1 Nc6 14. d5 Na5 15. c4 Ba6 16. Bb3 e6 17. Bf4 Qd7 18. Ba4 {½-½ (55) Fedoseev,V (2665)-Savchenko,B (2613) Sochi 2016}) 11. Bg5 cxd4 12. cxd4 Qa5 $146 {White is slightly better.} ({Predecessor:} 12... Nf6 13. f3 Bd7 14. Rb1 Qa5 15. Bxd7 Qxg5 16. Rxb7 Rfd8 17. Bc6 Qe3+ 18. Rf2 {1-0 (45) Chan,L (2217)-Zulfic,F (2135) Adelaide 2017}) 13. Bd2 (13. Bxe7 $6 Re8 $11) 13... Qa6 14. Bb4 Nb6 15. Bc2 $36 {[%mdl 2048] White fights for an advantage.} Bd7 16. a4 Nc4 17. Bd3 Rfc8 18. Qb3 Be6 19. d5 Bxa1 (19... Bd7 $1 $14) 20. dxe6 $16 Qxe6 21. Nf4 Qe5 22. Bxc4 e6 23. Nxe6 a5 24. Bd2 Rxc4 25. Qxc4 fxe6 26. Be3 $1 Rd8 (26... Re8 $142 27. Rd1 g5 28. Bxg5 Qxg5) 27. f4 $18 Qc3 28. Qxe6+ Kh8 29. Bb6 Rd2 $2 (29... Rc8 30. f5 Rf8) 30. Qe8+ Kg7 {intending ...Qb4.} 31. Qe7+ {[%mdl 64] Double Attack} Kg8 32. Kh1 $2 ({Don't play} 32. Qxb7 Qc2 $18) (32. f5 $18 {has better winning chances. fxg6 would kill now.} Qc2 33. Qe6+ Kh8 34. Qe8+ Kg7 35. Kh1) 32... Qc6 $16 33. f5 (33. Bc5 $16 {[%csl Gc5][%cal Re7f8]} Bg7 34. f5 gxf5 35. Qg5 (35. Rxf5 Rd1+ 36. Bg1 Rxg1+ 37. Kxg1 Bd4+ 38. Kf1 Qc1+ 39. Ke2 Qe3+ 40. Kf1 Qg1+ 41. Ke2 Qe3+ 42. Kf1 Qg1+ 43. Ke2 Qe3+ $11)) 33... Bf6 $14 34. Qe6+ Qxe6 35. fxe6 {[%mdl 4096] Endgame KRB-KRB} Be7 36. e5 Rc2 $1 37. g3 ({Better is} 37. Bxa5 $16 {aiming for g3.} Rc6 38. Rb1) 37... Rc6 $1 $11 {[%cal Rc6b6]} 38. Bxa5 Rxe6 39. Bc3 Rc6 40. Rf3 b6 41. Bd2 Rc2 42. Bh6 Re2 43. Re3 Ra2 44. Re4 Kf7 45. Be3 Ke6 {And now ...Re2 would win.} 46. Bxb6 Kd5 47. Rd4+ Kxe5 48. Rd7 Ke6 49. Ra7 h5 $2 (49... Ra1+ $11 {and Black has nothing to worry.} 50. Kg2 Ra2+ 51. Kf3 Rxh2) 50. a5 $1 $18 Rb2 51. Ra8 Kd5 (51... g5 $16) 52. Re8 Bf6 53. Bg1 $2 (53. a6 $1 $18 {[%cal Ra6a7]} Rxb6 54. a7) 53... Ra2 $11 54. Ra8 Ra1 55. h4 {Threatens to win with a6.} Ke4 $1 {White must now prevent ...Bd4.} 56. Kg2 {Strongly threatening a6.} Ra2+ 57. Kh3 Ra1 58. Re8+ Kf5 (58... Be5 $1 $11 59. Bb6 Kf3 60. Rf8+ Ke4) 59. Bb6 $16 {Rf8 is the strong threat.} Be5 (59... g5 $16) 60. Ra8 $1 $18 {Hoping for a6.} Ra3 $2 {[#]} (60... Rh1+ 61. Kg2 Rb1) 61. Bf2 $1 Ra2 62. Bc5 Rc2 63. Bb6 Rc3 $2 {[#]} (63... Rb2 64. Bg1 Rb1) 64. Bf2 $1 {White is clearly winning.} Rc2 65. Rf8+ Ke6 66. a6 Bd6 67. Re8+ {Accuracy: White = 54%, Black = 43%.} 1-0

[Event "Asian Continental-ch Open 2019"]
[Site "XingTai"]
[Date "2019.06.09"]
[Round "3.6"]
[White "Erigaisi Arjun"]
[Black "Nguyen, Ngoc Truong Son"]
[Result "1/2-1/2"]
[WhiteElo "2526"]
[BlackElo "2639"]
[Annotator "TA"]
[PlyCount "90"]
[EventDate "2019.06.06"]
[EventType "swiss"]
[EventCountry "CHN"]
[SourceTitle "playchess.com"]
[Source "ChessBase"]
[SourceQuality "1"]

{[%evp 25,90,25,34,24,20,22,28,29,32,29,27,-13,-14,-104,-114,-161,-56,-52,-64,-53,-36,-104,-111,-111,-111,-111,-111,-111,35,-111,-111,-111,-111,-111,-111,-111,-90,-111,-90,-111,-90,-90,-72,-80,-82,-83,-83,-89,-90,-90,-90,-90,-91,-91,-97,-91,-69,-97,0,-98,-57,-69,-28,-28,-35,-69,0]} 1. e4 c5 2. Nf3 d6 3. d4 cxd4 4. Nxd4 Nf6 5. Nc3 a6 6. Bc4 e6 7. Bb3 Qc7 8. O-O Be7 9. f4 Nc6 10. Be3 O-O 11. f5 Nxd4 12. Bxd4 b5 13. a3 Rb8 14. Qd3 {B88: Sicilian: Sozin Attack} b4 15. axb4 Rxb4 16. fxe6 {White has an edge.} fxe6 17. Ne2 Bd7 {[#]} 18. Qg3 $146 (18. Rxa6 Bb5 $17) ({Predecessor:} 18. Qh3 Qc8 19. Qc3 Qb7 20. Ng3 Kh8 21. Bxf6 gxf6 {0-1 (39) Stellwagen,D (2639)-Jojua,D (2434) Yerevan 2007}) 18... Kh8 19. Rxa6 (19. e5 $11 {keeps the balance.} dxe5 20. Bxe5 Qc5+ 21. Kh1) 19... e5 $1 $17 {[%cal Re5d4]} 20. Ra7 {[#]} Rb7 ({Black should try} 20... Qd8 $1 $19 21. Be3 Bb5) 21. Rxb7 $15 Qxb7 22. Be3 Bb5 ({Don't play} 22... Nxe4 23. Rxf8+ Bxf8 {[#]} 24. Qf3 $1 $11 {[%mdl 512]}) 23. Bd5 ({White should play} 23. Qe1 $15) 23... Qa6 $17 24. c4 Bxc4 25. Bxc4 Qxc4 {[%mdl 64] Double Attack} 26. Nc3 {[#]} Qxf1+ $1 {[%mdl 512]} 27. Kxf1 Nxe4+ $1 28. Qf3 Rxf3+ 29. gxf3 Nxc3 30. bxc3 {[%mdl 4096] Endgame KB-KB} Kg8 31. Ke2 Kf7 32. Kd3 Ke6 33. c4 Kf5 34. Bd2 Bd8 35. Bb4 Bc7 36. Ke3 Bb6+ 37. Kd3 Bc5 38. Bd2 Bg1 39. h3 Bc5 40. Bc1 Bd4 41. Bd2 Bc5 42. Bc1 $1 Kg6 {aiming for ...Kh5.} 43. Bd2 Kh5 {Hoping for ...Kh4.} 44. Be1 $1 Kg5 {White must now prevent ...Kf4.} 45. Ke4 Kf6 {Accuracy: White = 60%, Black = 64%.} (45... h5 $15) 1/2-1/2